00309nam a2200121Ia 4500008004100000082001300041100002400054245004800078250000900126260002700135300000800162650001700170191201s2011 xx 000 0 und d a337bSAI aSALVATORE, Dominick 0aInternational Economics : Trade and Finance a11th aNew DelhibWileyc2021 a757 aBA Economics